| 000 | 02544nam a2200445 a 4500 | ||
|---|---|---|---|
| 001 | Z_5323 | ||
| 003 | CHAP | ||
| 005 | 20250619142737.0 | ||
| 007 | ta | ||
| 008 | 220113t20052008mx a frf 001 0 s d | ||
| 010 | _a168389 | ||
| 020 | _a968-24-1310-9 | ||
| 020 |
_a978-968-24-1310-0 _qreimpresión 2008 |
||
| 040 |
_aZ _cCHAP _erda |
||
| 041 | 0 |
_bEspañol _fEspañol |
|
| 082 |
_a636.2142 _bM36 2005 _220 |
||
| 245 | 1 | 0 |
_aManual del ganado bovino para leche : _buna guía paso a paso / _ccoordinador Luis Lesur; diseño gráfico y fotografía Olivia Ortega; colaboradores Guillermo Fitz [y cinco más] |
| 250 | _aPrimera edición | ||
| 264 | 1 |
_aMéxico, D. F. : _bTrillas, _c©2005 |
|
| 300 |
_a80 páginas : _bilustraciones |
||
| 336 |
_2rdacontent _atexto _btxt |
||
| 337 |
_2rdamedia _asin medio _bn |
||
| 338 |
_2rdacarrier _avolumen _bnc |
||
| 490 | 1 | _aCómo hacer bien y fácilmente (Trillas) | |
| 500 | _aej.1: C/E \ ej.2: Reposición (del título: Buxade Carbo, Carlos. Vacuno de leche de alta producción: sus alojamientos e instalaciones. 2007, ISBN 978-84-611-7630-4, 254 p. ej. 1 Clas. 636.2 B89 | ||
| 505 | 0 | _aIntroducción -- Razas de ganado lechero -- Elección y mejoramiento del hato -- Reproducción -- Alimentación -- Producción de leche -- Manejo -- Salud -- Instalaciones. | |
| 520 | _aUna granja lechera es un negocio que consiste en tener ganado de alta producción con el fin de obtener leche en cantidad y con calidad, para fines comerciales. En general, los ingresos que produce un a granja lechera son estables, comparados con otros negocios agropecuarios. En la actualidad, una vaca lechera de lata producción puede aportar entre 5 y 10 litros de leche al año, dependiendo de su raza y de su calidad productiva. Sin embargo una granja moderna requiere de conocimientos especializados y mano de obra bien capacitada. El presente manual le indica paso a paso, las técnicas y procedimientos que le permitirán iniciarse en el manejo moderno del hato lechero con ganado bovino o vacuno, como también se le llama. | ||
| 650 | 1 | 3 |
_aGanado de leche _9140524 |
| 650 | 1 | 3 |
_aGanado bovino _9138033 |
| 650 | 1 | 3 |
_aCría de ganado _9137235 |
| 650 | 1 | 3 |
_aManejo de granjas lecheras _9190687 |
| 700 | 1 |
_aLesur, Luis _966363 _ecoordinador |
|
| 700 | 1 |
_aOrtega, Olivia _ediseño y fotografía _9142654 |
|
| 700 | 1 |
_aFitz, Guillermo _ecolaborador _9190688 |
|
| 830 | 0 |
_aCómo hacer bien y fácilmente (Trillas) _9188883 |
|
| 901 | _a636.2142 M36 | ||
| 902 | _aA | ||
| 910 | _a2005 | ||
| 942 |
_cLIBRO _2ddc |
||
| 999 |
_c168389 _d168389 |
||